Statystyki dla Quiz o Turkmenistanie

Kliknij tutaj aby rozwiązać quiz!

Ogólne statystyki

  • Ten quiz został rozwiązany 89 razy
  • Średni wynik to 12 z 20

Statystyki odpowiedzi

WskazówkaOdpowiedź% Poprawnych
Uzbekistan
96%
Iran
95%
Kraj, od którego Turkmenistan uzyskał niepodległość w 1991 rokuZwiązek Radziecki
92%
Kazachstan
89%
Państwa graniczące z TurkmenistanemAfganistan
85%
Drugi po turkmeńskim najważniejszy językRosyjski
82%
Od zachodu graniczy z tym morzem śródlądowymMorze Kaspijskie
79%
StolicaAszchabad
74%
Podobnie jak Szwajcaria, Turkmenistan jest oficjalnie _____Neutralny
59%
Słynny krater gazowy, który został przypadkowo podpalony w 1971 roku i płonie do dziśWrota {Piekieł}
58%
Drogi materiał budowlany pokrywający duży procent budynków w stolicyBiały marmur
52%
Najważniejsza roślina uprawnaBawełna
51%
Narodowe zwierzę Turkmenistanu, achał - tekiński, jest rasą tego ssakaKoń
51%
Pustynia pokrywająca większość Turkmenistanu{Kara}-kum
49%
Turkmenistan posiada święto narodowe, w którym czci się ten ręcznie tkany produktDywan
44%
Najbardziej eksportowany produktGaz
42%
Miasto na "M" założone przez Aleksandra Wielkiego,
było jednym z największych miast na świecie w XII i XIII wieku,
liczące około 500 000 mieszkańców
Mary
30%
Waluta TurkmenistanuManat
30%
„Prezydent na całe życie” w latach 1990–2006,
który zbudował swój gigantyczny złoty posąg,
który zawsze obracał się w stronę słońca
Saparmyrat Nyýazow
25%
Znaczenie nazwy stolicyMiasto {miłości}
22%

Rozkład punktacji

Percentyl według liczby udzielonych odpowiedzi

Procent ludzi z każdym wynikiem

Twoja historia wyników

Nie rozwiązałeś tego quizu